[Event "Konnerud høstturnering"]
[Site "Malmveien 15"]
[Date "2020.08.19"]
[Round "1"]
[White "Marthinussen, Emma Viktoria L"]
[Black "Tari, Aryan"]
[Result "0-1"]
[WhiteElo "1436"]
[BlackElo "2630"]
[PlyCount "66"]
[EventDate "2020.??.??"]

1. e4 c5 2. Nf3 d6 3. d4 cxd4 4. Nxd4 Nf6 5. Nc3 Nc6 6. Be3 Ng4 7. Nxc6 bxc6 8.
Bd2 Qb6 9. Qf3 g6 10. Rb1 Bg7 11. Na4 Qd4 12. Nc3 O-O 13. h3 Ne5 14. Qe2 Be6
15. Be3 Qb4 16. Qd2 Rab8 17. a3 Qa5 18. Nd1 Qc7 19. Nc3 Nc4 20. Bxc4 Bxc4 21.
Bh6 Bxh6 22. Qxh6 Qa5 23. Qd2 Rfd8 24. b3 Ba6 25. a4 Qe5 26. Qe3 Rb4 27. Rd1
Qa5 28. f3 d5 29. exd5 cxd5 30. Rd4 Qb6 31. Ne2 Bxe2 32. c3 Rxd4 33. cxd4 Ba6
0-1

[Event "Konnerud høstturnering"]
[Site "Malmveien 15"]
[Date "2020.08.19"]
[Round "1"]
[White "Aure, Anders Nilsson"]
[Black "Skogli, Pål"]
[Result "1-0"]
[WhiteElo "1740"]
[BlackElo "1783"]
[PlyCount "109"]
[EventDate "2020.??.??"]

1. c4 f5 2. Nc3 Nf6 3. g3 e5 4. Bg2 Nc6 5. e3 d6 6. Nge2 Be6 7. b3 d5 8. cxd5
Nxd5 9. O-O Be7 10. Bb2 Qd7 11. d4 e4 12. Nxd5 Bxd5 13. Nf4 Nb4 14. a3 Nc6 15.
Nxd5 Qxd5 16. f3 O-O 17. fxe4 fxe4 18. Qc2 Bg5 19. Bxe4 Bxe3+ 20. Kg2 Qh5 21.
Bf3 Qh6 22. Rae1 Kh8 23. Qd3 Bg5 24. d5 Ne7 25. Re6 Ng6 26. Be4 Rxf1 27. Qxf1
Qh5 28. Bxg6 hxg6 29. Qf7 Bh6 30. Qxg6 Qxg6 31. Rxg6 Kh7 32. Re6 Rd8 33. Re5
Kg6 34. Kf3 Rf8+ 35. Ke2 Bg5 36. h4 Bf6 37. Re6 Kf5 38. Bxf6 gxf6 39. Re7 Rc8
40. Kf3 a5 41. g4+ Kg6 42. Kf4 Rd8 43. h5+ Kh6 44. Rxc7 Rxd5 45. Rxb7 Rd1 46.
b4 Rf1+ 47. Ke4 axb4 48. axb4 f5+ 49. gxf5 Kxh5 50. Ke5 Kh6 51. b5 Rf2 52. f6
Re2+ 53. Kd6 Kg6 54. f7 Kg7 55. Rd7
1-0

[Event "Konnerud høstturnering"]
[Site "Malmveien 15"]
[Date "2020.08.19"]
[Round "1"]
[White "Slettum, Karl Anker"]
[Black "Taksrud, Vidar"]
[Result "0-1"]
[WhiteElo "1839"]
[BlackElo "1904"]
[PlyCount "54"]
[EventDate "2020.??.??"]

1. e4 d5 2. exd5 Qxd5 3. Nc3 Qd6 4. Nf3 c6 5. d4 Nf6 6. Ne5 Bf5 7. Bf4 Nd5 8.
Nxd5 Qxd5 9. Bc4 Qe4+ 10. Be3 e6 11. Kd2 Bd6 12. f3 Qh4 13. g4 Bxe5 14. dxe5
O-O 15. Qe2 Rd8+ 16. Kc3 Bg6 17. b4 b5 18. Bb3 Nd7 19. f4 Qe7 20. h4 Be4 21. f5
Bxh1 22. Bg5 f6 23. fxe6 Bd5 24. exd7 fxg5 25. Rf1 Bxb3 26. axb3 Rxd7 27. e6
Rd6
0-1

[Event "Konnerud høstturnering"]
[Site "Malmveien 15"]
[Date "2020.08.19"]
[Round "1"]
[White "Rørvik, Jon F."]
[Black "Selmer, Thorgrim J"]
[Result "1-0"]
[WhiteElo "2186"]
[BlackElo "1586"]
[PlyCount "137"]
[EventDate "2020.??.??"]

1. c4 Nf6 2. Nc3 Nc6 3. g3 d5 4. cxd5 Nxd5 5. Bg2 e6 6. Nf3 Bc5 7. O-O O-O 8.
d4 Bb6 9. e4 Nde7 10. Be3 Ng6 11. Qd2 Qe7 12. Rad1 Rd8 13. Qc1 a5 14. a3 Bd7
15. Rfe1 Be8 16. h3 Rd7 17. d5 Bxe3 18. Qxe3 Nce5 19. Nd4 Rad8 20. Kh2 c6 21.
Qe2 cxd5 22. exd5 exd5 23. f4 Nc6 24. Qg4 Qf8 25. h4 Nge7 26. Qf3 Rd6 27. Ncb5
Nxd4 28. Nxd4 g6 29. Rd2 Bd7 30. Qc3 Nf5 31. Qxa5 Nxd4 32. Rxd4 Bc6 33. Re5 b5
34. Qd2 Qg7 35. Re7 Re6 36. Rc7 Rde8 37. Qb4 Qf6 38. Qc5 Rb8 39. Rd2 Rd8 40.
Rc2 Be8 41. Bxd5 Red6 42. Bg2 Rd2 43. Rc8 Rxc2 44. Qxc2 Rxc8 45. Qxc8 Kf8 46.
Qc5+ Qe7 47. Qc3 f6 48. b3 Kg7 49. Qb2 Qc5 50. Qe2 Bf7 51. b4 Qb6 52. Qe7 Qf2
53. Qc5 Qe2 54. Qc6 Be8 55. Qc7+ Kh6 56. Qd6 Kg7 57. Qd5 Qb2 58. Qd3 Bc6 59.
Qf1 Be8 60. Qf3 Qa2 61. g4 Qc2 62. g5 f5 63. Kh3 Bf7 64. Qe3 Qc4 65. Kg3 h5 66.
gxh6+ Kxh6 67. Bf3 Qf1 68. Qe5 Qd3 69. Qh8#
1-0

[Event "Konnerud høstturnering"]
[Site "Malmveien 15"]
[Date "2020.08.19"]
[Round "1"]
[White "Stenseng, Benjamin"]
[Black "Lurdalen, Svein Erik"]
[Result "0-1"]
[WhiteElo "1514"]
[BlackElo "1909"]
[PlyCount "66"]
[EventDate "2020.??.??"]

1. c4 Nf6 2. g3 e5 3. Bg2 d5 4. cxd5 Nxd5 5. Nc3 Nb6 6. Nf3 Nc6 7. a3 Be7 8. d3
O-O 9. O-O Be6 10. b4 f6 11. Bd2 Rb8 12. Rc1 Kh8 13. Ne4 Nd7 14. Qc2 a6 15. Qb2
Nb6 16. Qc2 h6 17. Nc5 Bxc5 18. Qxc5 Rf7 19. Rfd1 Bg4 20. Kf1 Bxf3 21. Bxf3 Nd4
22. Bh5 Rd7 23. Rb1 Rd5 24. Qc1 Qc8 25. Bg6 Qh3+ 26. Ke1 Rd7 27. Be3 Nxe2 28.
Qc5 Na4 29. Qa7 Rbd8 30. Rb3 Nac3 31. Rd2 Qxh2 32. Rxe2 Rxd3 33. f4 Qxe2#
0-1

[Event "Konnerud høstturnering"]
[Site "Malmveien 15"]
[Date "2020.08.19"]
[Round "2"]
[White "Tari, Aryan"]
[Black "Aure, Anders Nilsson"]
[Result "1-0"]
[WhiteElo "2630"]
[BlackElo "1740"]
[PlyCount "33"]
[EventDate "2020.??.??"]

1. e4 c5 2. Ne2 d6 3. g3 Nf6 4. Bg2 Nc6 5. O-O g6 6. c3 e5 7. d4 Bg7 8. h3 O-O
9. Be3 cxd4 10. cxd4 d5 11. dxe5 Nxe4 12. f4 Be6 13. Nbc3 Nxc3 14. bxc3 Qd7 15.
Kh2 f6 16. Nd4 Bf7 17. e6
1-0

[Event "Konnerud høstturnering"]
[Site "Malmveien 15"]
[Date "2020.08.26"]
[Round "2"]
[White "Taksrud, Vidar"]
[Black "Rørvik, Jon F."]
[Result "1/2-1/2"]
[WhiteElo "1904"]
[BlackElo "2186"]
[PlyCount "46"]
[EventDate "2020.??.??"]

1. Nf3 d5 2. g3 Nf6 3. Bg2 c5 4. O-O Nc6 5. d4 e6 6. c3 Be7 7. Bf4 O-O 8. Nbd2
b6 9. Rc1 Bb7 10. Ne5 Rc8 11. Ndf3 Nd7 12. Nxd7 Qxd7 13. dxc5 bxc5 14. e4 Rfd8
15. exd5 exd5 16. Re1 Bf6 17. Ne5 Bxe5 18. Bxe5 Nxe5 19. Rxe5 Re8 20. Rxe8+
Rxe8 21. Qf3 Re7 22. Qf4 Re8 23. b4 Qe7
1/2-1/2

[Event "Konnerud høstturnering"]
[Site "Malmveien 15"]
[Date "2020.09.16"]
[Round "2"]
[White "Selmer, Thorgrim J"]
[Black "Carlsen, Christian Heen"]
[Result "0-1"]
[WhiteElo "1586"]
[BlackElo "2079"]
[Annotator "haav-"]
[PlyCount "104"]
[EventDate "2020.??.??"]

{[%evp 0,104,19,-12,-20,-8,2,-32,-24,-24,-16,-41,13,6,2,-5,8,-4,-11,-11,10,10,
22,-44,-47,-53,-21,-33,-26,-84,-66,-66,-66,-64,-18,-28,-24,-30,-20,-44,-22,-24,
-28,-31,-39,-43,-23,-31,-25,-80,-40,-106,-32,-35,-51,-104,-83,-65,-101,-59,-31,
-45,3,-67,-68,-50,-44,-42,-1,-50,-38,-67,-79,-138,-133,-178,-119,-140,-139,
-145,-104,-148,-158,-158,-165,-493,-183,-207,-199,-219,-39,-49,-43,-36,-36,-51,
-50,-49,-57,-79,-126,-213,-121,-122,-137,-137,-16]} 1. c4 e5 2. Nc3 Nf6 3. g3
d5 4. cxd5 Nxd5 5. Bg2 Nb6 6. d3 Be7 7. Be3 O-O 8. Nf3 Nc6 9. O-O Bg4 10. Nd2
Qd7 11. Bxb6 axb6 12. Nd5 Nd4 13. Nxe7+ Qxe7 14. f3 Be6 15. e3 Nf5 16. Qe2 c6
17. a3 Qc5 18. Rfe1 Rfd8 19. Rac1 Qe7 20. Nc4 Qc7 21. g4 Nh4 22. Red1 b5 23.
Nd2 f5 24. Bf1 Qe7 25. gxf5 Bxf5 26. Ne4 Bxe4 27. dxe4 Qg5+ 28. Kh1 Rf8 29. Bg2
Rf7 30. Rg1 Qh5 31. Bh3 Qxf3+ 32. Qxf3 Rxf3 33. Be6+ Kf8 34. Rg4 Ng6 35. Re1
Rd8 36. Bf5 Rd2 37. b4 Rff2 38. Bxg6 Rxh2+ 39. Kg1 hxg6 40. Rf1+ Kg8 41. Rxg6
Rhe2 42. Rg3 Ra2 43. Kh1 Rxa3 44. Rfg1 Raa2 45. Rxg7+ Kf8 46. Rg8+ Kf7 47.
R1g7+ Kf6 48. Rg6+ Ke7 49. R8g7+ Kd8 50. Rxb7 Ra1+ 51. Rg1 Rxg1+ 52. Kxg1 Rxe3
0-1

[Event "Konnerud høstturnering"]
[Site "Malmveien 15"]
[Date "2020.09.02"]
[Round "3"]
[White "Slettum, Karl Anker"]
[Black "Tari, Aryan"]
[Result "0-1"]
[WhiteElo "1839"]
[BlackElo "2630"]
[PlyCount "60"]
[EventDate "2020.??.??"]

1. e4 c6 2. d4 d5 3. Nc3 dxe4 4. Nxe4 Nf6 5. Ng3 g6 6. Be2 h5 7. Bf3 Bg7 8. c3
O-O 9. Bg5 Qa5 10. Qd2 e5 11. b4 Qc7 12. N1e2 Nh7 13. O-O Nxg5 14. Qxg5 Qd8 15.
Qxd8 Rxd8 16. dxe5 Re8 17. Rad1 Nd7 18. e6 Rxe6 19. Ne4 Re8 20. Nd6 Re7 21. Nd4
Ne5 22. Be4 Rb8 23. h3 Be6 24. Nxe6 Rxe6 25. Rfe1 Bf8 26. f4 Bxd6 27. fxe5 Bxe5
28. Rd3 Rbe8 29. c4 Bg7 30. b5 Rxe4
0-1

[Event "Konnerud høstturnering"]
[Site "Malmveien 15"]
[Date "2020.08.02"]
[Round "3"]
[White "Rørvik, Jon F."]
[Black "Skogli, Pål"]
[Result "1-0"]
[WhiteElo "2186"]
[BlackElo "1783"]
[PlyCount "83"]
[EventDate "2020.??.??"]

1. c4 e5 2. Nc3 Nf6 3. g3 c6 4. Nf3 Bd6 5. d4 e4 6. Ng5 Bb4 7. Bg2 d5 8. O-O h6
9. Nh3 O-O 10. Qb3 Qe7 11. cxd5 Bxc3 12. bxc3 cxd5 13. Ba3 Qd8 14. Bxf8 Kxf8
15. c4 dxc4 16. Qxc4 Nc6 17. e3 Kg8 18. Nf4 Ne7 19. Rfc1 g5 20. Ne2 Ned5 21.
Nc3 Nb6 22. Qb4 Nbd5 23. Qb3 Be6 24. Nxe4 Nxe4 25. Bxe4 Nf6 26. Qd3 Nxe4 27.
Qxe4 Bd5 28. Qf5 Be6 29. Qc2 Qd5 30. f3 Rc8 31. Qe2 Re8 32. Rc2 a6 33. Qf2 f5
34. Re1 Rf8 35. Rd2 g4 36. Rf1 Bd7 37. Rc2 b6 38. fxg4 Bb5 39. Qf3 Qd6 40. gxf5
Bd3 41. Rc6 Qe7 42. Qg4+
1-0

[Event "Konnerud høstturnering"]
[Site "Malmveien 15"]
[Date "2020.09.02"]
[Round "3"]
[White "Carlsen, Christian Heen"]
[Black "Taksrud, Vidar"]
[Result "1-0"]
[WhiteElo "2079"]
[BlackElo "1904"]
[PlyCount "105"]
[EventDate "2020.??.??"]

1. e4 c6 2. d4 d5 3. e5 Bf5 4. Be3 e6 5. Nd2 Nd7 6. Ngf3 Ne7 7. Be2 c5 8. dxc5
Nc6 9. O-O Bxc5 10. c4 Bxe3 11. cxd5 Nb4 12. fxe3 Nxd5 13. Nc4 O-O 14. Qd4 Bg6
15. a4 Nb8 16. Ra3 Nc6 17. Qd2 Qe7 18. Nd4 Qc5 19. Nxc6 Qxc6 20. Nd6 Ne7 21.
Bf3 Qc5 22. Qd4 Qxd4 23. exd4 Nd5 24. Rc1 b6 25. Bxd5 exd5 26. Rc7 Rfd8 27.
Rac3 f6 28. Nb7 fxe5 29. Nxd8 exd4 30. Rc1 Rxd8 31. Rc8 Rxc8 32. Rxc8+ Kf7 33.
Kf2 Ke6 34. Rc7 Kd6 35. Rc1 a5 36. Ke1 Be8 37. b3 b5 38. axb5 Bxb5 39. Kd2 g5
40. Ra1 Kc5 41. Rxa5 Kb4 42. Rxb5+ Kxb5 43. Kd3 Kb4 44. Kxd4 Kxb3 45. Kxd5 Kc3
46. Ke5 Kd3 47. Kf5 Ke3 48. Kxg5 Kf2 49. g4 Kf3 50. h4 Kg3 51. h5 Kf3 52. Kf5
Kg3 53. g5
1-0

[Event "Konnerud høstturnering"]
[Site "Malmveien 15"]
[Date "2020.09.02"]
[Round "3"]
[White "Stenseng, Benjamin"]
[Black "Selmer, Thorgrim J"]
[Result "1-0"]
[WhiteElo "1514"]
[BlackElo "1586"]
[PlyCount "61"]
[EventDate "2020.??.??"]

1. c4 Nf6 2. Nc3 b6 3. d4 Bb7 4. Nf3 e6 5. Bf4 d5 6. e3 Bd6 7. Bxd6 cxd6 8. Rc1
O-O 9. Be2 Nbd7 10. O-O a6 11. Re1 Rc8 12. Qb3 dxc4 13. Qb4 d5 14. a4 a5 15.
Qa3 Bc6 16. Nd2 Re8 17. e4 Qe7 18. e5 Qxa3 19. bxa3 Ne4 20. Ndxe4 dxe4 21. Bxc4
f5 22. Nb5 Re7 23. Nd6 Rc7 24. Nxf5 Kf8 25. Nxe7 Kxe7 26. Bb5 Nb8 27. Rc3 Kd7
28. Rxe4 Rc8 29. Re1 Rd8 30. Rec1 Bxb5 31. Rc7+
1-0

[Event "Konnerud høstturnering"]
[Site "Malmveien 15"]
[Date "2020.09.16"]
[Round "4"]
[White "Marthinussen, Emma Viktoria L"]
[Black "Aure, Anders Nilsson"]
[Result "0-1"]
[WhiteElo "1436"]
[BlackElo "1740"]
[PlyCount "78"]
[EventDate "2020.??.??"]

1. e4 c5 2. Nf3 d6 3. d4 cxd4 4. Nxd4 Nf6 5. Nc3 g6 6. Be3 Bg7 7. f3 O-O 8. Qd2
Nc6 9. O-O-O Nxd4 10. Bxd4 Be6 11. Kb1 Qc7 12. g4 Rfc8 13. h4 Qa5 14. a3 Rab8
15. g5 Nh5 16. Bxg7 Nxg7 17. Nd5 Qxd2 18. Rxd2 Bxd5 19. Rxd5 Nh5 20. Rh2 Nf4
21. Rb5 Rc7 22. Rd2 Rbc8 23. c3 Kg7 24. e5 dxe5 25. Rxe5 e6 26. Rd4 Nd5 27. f4
Ne7 28. Rd3 Nf5 29. Rh3 Rd8 30. Be2 Rd2 31. h5 gxh5 32. Bxh5 Rc4 33. Rb5 Rxf4
34. Rxb7 Rf1+ 35. Ka2 Nd6 36. Rb4 Rff2 37. Rhh4 e5 38. Bg4 a5 39. Rb6 Nc4
0-1

[Event "Konnerud høstturnering"]
[Site "Malmveien 15"]
[Date "2020.09.09"]
[Round "4"]
[White "Skogli, Pål"]
[Black "Carlsen, Christian Heen"]
[Result "0-1"]
[WhiteElo "1783"]
[BlackElo "2079"]
[PlyCount "56"]
[EventDate "2020.??.??"]

1. e4 g6 2. d4 Bg7 3. h4 d5 4. e5 c5 5. Nf3 Bg4 6. c3 Nc6 7. Be3 cxd4 8. cxd4
f6 9. exf6 Nxf6 10. Be2 O-O 11. Nbd2 Qd6 12. a3 Nh5 13. Qb3 Kh8 14. Rd1 Nf4 15.
Bf1 e5 16. dxe5 Nxe5 17. Bxf4 Rxf4 18. Be2 Raf8 19. Qxb7 d4 20. Ne4 Qd8 21.
Nxe5 Qa5+ 22. b4 Qxe5 23. f3 Rxf3 24. gxf3 Bxf3 25. Bxf3 Rxf3 26. Kd2 d3 27.
Qa8+ Bf8 28. Nc3 Qe3#
0-1

[Event "Konnerud høstturnering"]
[Site "Malmveien 15"]
[Date "2020.09.09"]
[Round "4"]
[White "Taksrud, Vidar"]
[Black "Stenseng, Benjamin"]
[Result "1/2-1/2"]
[WhiteElo "1904"]
[BlackElo "1514"]
[PlyCount "90"]
[EventDate "2020.??.??"]

1. e4 d5 2. exd5 Nf6 3. d4 Nxd5 4. Nf3 e6 5. c4 Nf6 6. Nc3 Be7 7. Be3 O-O 8.
Be2 Nbd7 9. O-O b6 10. Rc1 Bb7 11. Qc2 Rc8 12. Rfd1 c5 13. d5 exd5 14. cxd5 Bd6
15. Qf5 Re8 16. Bd3 Ne5 17. Bg5 Nxf3+ 18. Qxf3 Be7 19. Bf5 Rb8 20. Qh3 h6 21.
Bf4 Bd6 22. Be3 a6 23. a4 Qe7 24. g4 Bc8 25. g5 Bxf5 26. Qxf5 hxg5 27. Bxg5 Qe5
28. Qxe5 Bxe5 29. Rc2 Bd4 30. Ne2 Bxf2+ 31. Kg2 Be3 32. Bxf6 gxf6 33. Kf3 Rbd8
34. Rc4 Bh6 35. Rg4+ Kf8 36. Nf4 Re5 37. d6 Bxf4 38. Kxf4 Re6 39. d7 Ke7 40.
Rg7 Re2 41. h4 Rxb2 42. h5 Rh2 43. Rh7 Rxd7 44. Re1+ Kf8 45. h6 Kg8
1/2-1/2

[Event "Konnerud høstturnering"]
[Site "Malmveien 15"]
[Date "2020.09.09"]
[Round "4"]
[White "Selmer, Thorgrim J"]
[Black "Lurdalen, Svein Erik"]
[Result "0-1"]
[WhiteElo "1586"]
[BlackElo "1909"]
[PlyCount "84"]
[EventDate "2020.??.??"]

1. c4 e5 2. Nc3 Nf6 3. g3 d5 4. cxd5 Nxd5 5. Bg2 Nb6 6. Nf3 Nc6 7. d3 Be7 8.
O-O O-O 9. Be3 Be6 10. a3 f5 11. Qd2 h6 12. h4 a6 13. Bh3 Qd7 14. Bxh6 gxh6 15.
Qxh6 Rf6 16. Qe3 Nd5 17. Nxd5 Qxd5 18. Kh2 Nd4 19. Nxe5 Kh7 20. Rac1 Bd6 21.
Nc4 f4 22. Qe4+ Qxe4 23. dxe4 fxg3+ 24. fxg3 Bxg3+ 25. Kg2 Bxh4 26. Bxe6 Nxe6
27. Rxf6 Bxf6 28. Rh1+ Kg6 29. Kf2 b5 30. e5 Bg5 31. Na5 Rf8+ 32. Ke1 Nd4 33.
Rg1 Re8 34. Rg4 Nc2+ 35. Kf2 Rxe5 36. Nc6 Rf5+ 37. Kg3 Kh5 38. e4 Rf1 39. Ne5
Ne3 40. Rxg5+ Kxg5 41. Nf3+ Rxf3+ 42. Kxf3 Nc4
0-1

[Event "Konnerud høstturnering"]
[Site "Malmveien 15"]
[Date "2020.10.28"]
[Round "5"]
[White "Carlsen, Christian Heen"]
[Black "Tari, Aryan"]
[Result "0-1"]
[WhiteElo "2079"]
[BlackElo "2630"]
[PlyCount "40"]
[EventDate "2020.??.??"]

{[%evp 0,40,19,21,63,60,60,71,68,66,48,43,43,32,55,31,45,28,31,28,42,36,56,54,
51,29,20,21,30,18,53,25,38,15,24,-21,-23,-64,-64,-390,-390,-390,-390]} 1. e4 c6
2. d4 d5 3. e5 Bf5 4. Nf3 e6 5. Be2 Ne7 6. O-O Ng6 7. Be3 Nd7 8. Nbd2 h5 9. c4
h4 10. h3 Be7 11. Rc1 O-O 12. cxd5 exd5 13. Nb3 f6 14. exf6 Rxf6 15. Qd2 Qc7
16. Bg5 Re6 17. Bxe7 Rxe7 18. Qg5 Qf4 19. Rfe1 Qxg5 20. Nxg5 Rae8
0-1

[Event "Konnerud høstturnering"]
[Site "Malmveien 15"]
[Date "2020.09.16"]
[Round "5"]
[White "Lurdalen, Svein Erik"]
[Black "Taksrud, Vidar"]
[Result "0-1"]
[WhiteElo "1909"]
[BlackElo "1904"]
[PlyCount "70"]
[EventDate "2020.??.??"]

1. e4 e6 2. d4 d5 3. Nc3 Bb4 4. e5 b6 5. Qg4 g6 6. a3 h5 7. Qg3 Bxc3+ 8. bxc3
Ba6 9. Ne2 Ne7 10. Bg5 Nd7 11. Nf4 Bxf1 12. Rxf1 Nf5 13. Bxd8 Nxg3 14. fxg3
Rxd8 15. Nh3 O-O 16. Ng5 Rde8 17. Kd2 Kg7 18. Rae1 f5 19. exf6+ Rxf6 20. h4
Rxf1 21. Rxf1 Re7 22. Re1 e5 23. c4 dxc4 24. dxe5 Nxe5 25. Kc3 c5 26. a4 a6 27.
Re2 b5 28. axb5 axb5 29. Kd2 b4 30. Re4 c3+ 31. Ke2 c4 32. Nf3 b3 33. cxb3 c2
34. Kd2 Nxf3+ 35. gxf3 Rxe4
0-1

[Event "Konnerud høstturnering"]
[Site "Malmveien 15"]
[Date "2020.09.23"]
[Round "6"]
[White "Marthinussen, Emma Viktoria L"]
[Black "Rørvik, Jon F."]
[Result "0-1"]
[WhiteElo "1436"]
[BlackElo "2186"]
[PlyCount "64"]
[EventDate "2020.??.??"]

1. e4 e5 2. Nf3 Nc6 3. Bc4 Bc5 4. c3 Nf6 5. d3 h6 6. b4 Bb6 7. b5 Na5 8. Nxe5
O-O 9. Nxf7 Rxf7 10. Bxf7+ Kxf7 11. e5 Qe7 12. Qe2 Nh7 13. Qf3+ Kg8 14. Qg3 Qe6
15. O-O a6 16. bxa6 Rxa6 17. Nd2 Nc6 18. Nc4 Ba7 19. Re1 b5 20. Na3 b4 21. Nb5
Bb6 22. c4 Nd4 23. Nxd4 Bxd4 24. Rb1 Rxa2 25. Be3 Bc3 26. Rf1 Bxe5 27. f4 Bc3
28. Bc5 Qc6 29. d4 d6 30. Bxb4 Bxd4+ 31. Kh1 Bb7 32. Qf3 Qb6
0-1

[Event "Konnerud høstturnering"]
[Site "Malmveien 15"]
[Date "2020.08.09"]
[Round "6"]
[White "Aure, Anders Nilsson"]
[Black "Slettum, Karl Anker"]
[Result "1-0"]
[WhiteElo "1740"]
[BlackElo "1839"]
[PlyCount "77"]
[EventDate "2020.??.??"]

1. c4 e5 2. Nc3 f5 3. g3 Nf6 4. Bg2 Be7 5. e3 O-O 6. Nge2 c6 7. d4 Qc7 8. dxe5
Qxe5 9. O-O Rd8 10. Nf4 Ne4 11. Nxe4 fxe4 12. Qb3 a5 13. Rd1 g5 14. c5+ Kh8 15.
Bd2 a4 16. Qc4 b5 17. cxb6 d5 18. Bc3 dxc4 19. Bxe5+ Kg8 20. Rxd8+ Bxd8 21. Nh5
Nd7 22. Rd1 Bxb6 23. Rxd7 Bxd7 24. Nf6+ Kf7 25. Nxd7 Bd8 26. Bxe4 a3 27. Bxc6
axb2 28. Bxb2 Rxa2 29. Ne5+ Ke6 30. Nxc4 Ra6 31. Bf3 Bc7 32. Bd4 Ra4 33. Nd2
Be5 34. Bxe5 Kxe5 35. Kg2 g4 36. Be2 Ra2 37. Nc4+ Kd5 38. Bxg4 Rc2 39. Nb6+
1-0

[Event "Konnerud høstturnering"]
[Site "Malmveien 15"]
[Date "2020.09.30"]
[Round "7"]
[White "Carlsen, Christian Heen"]
[Black "Marthinussen, Emma Viktoria L"]
[Result "1-0"]
[WhiteElo "2079"]
[BlackElo "1436"]
[PlyCount "67"]
[EventDate "2020.??.??"]

1. d4 Nf6 2. c4 g6 3. Nc3 Bg7 4. e4 d6 5. Be2 O-O 6. Bg5 Nbd7 7. Qd2 e5 8. d5
a5 9. h4 Nc5 10. f3 Qe7 11. g4 Bd7 12. h5 Na4 13. Nxa4 Bxa4 14. Nh3 Bd7 15.
O-O-O Qe8 16. Kb1 b5 17. Rc1 b4 18. c5 Bb5 19. Bxb5 Qxb5 20. cxd6 cxd6 21. Rc6
b3 22. hxg6 bxa2+ 23. Ka1 fxg6 24. Be3 Ra6 25. Rxa6 Qxa6 26. Ng5 Bh8 27. Rc1
Rc8 28. Rxc8+ Qxc8 29. Qxa5 Nd7 30. Ne6 Nf8 31. Bh6 Nxe6 32. dxe6 Bg7 33. e7
Kf7 34. Qd8
1-0

[Event "Konnerud høstturnering"]
[Site "Malmveien 15"]
[Date "2020.09.30"]
[Round "7"]
[White "Rørvik, Jon F."]
[Black "Aure, Anders Nilsson"]
[Result "1-0"]
[WhiteElo "2186"]
[BlackElo "1740"]
[PlyCount "55"]
[EventDate "2020.??.??"]

1. e4 c5 2. c4 Nc6 3. Nc3 g6 4. g3 Bg7 5. Bg2 d6 6. d3 Nf6 7. Nge2 O-O 8. O-O
Bd7 9. h3 Rb8 10. Be3 a6 11. a4 Ne8 12. d4 cxd4 13. Nxd4 Nxd4 14. Bxd4 Bxd4 15.
Qxd4 b5 16. cxb5 axb5 17. a5 b4 18. Nd5 Nc7 19. Nxb4 Ne6 20. Qd2 Nc5 21. Ra3
Na4 22. Nd3 Bb5 23. Rc1 Bxd3 24. Rxa4 Qd7 25. Rd4 Bb5 26. e5 Rfd8 27. exd6 exd6
28. Rd1
1-0

[Event "Konnerud høstturnering"]
[Site "Malmveien 15"]
[Date "2020.09.30"]
[Round "7"]
[White "Lurdalen, Svein Erik"]
[Black "Tari, Aryan"]
[Result "0-1"]
[WhiteElo "1909"]
[BlackElo "2630"]
[PlyCount "58"]
[EventDate "2020.??.??"]

1. e4 e5 2. Nf3 Nc6 3. Bb5 a6 4. Bxc6 dxc6 5. O-O Qf6 6. d4 exd4 7. Qxd4 Qxd4
8. Nxd4 Bd7 9. Be3 O-O-O 10. c4 Re8 11. Nc3 Bb4 12. Nde2 f5 13. Bd4 Nf6 14. e5
Ng4 15. f4 Be6 16. b3 Rd8 17. Na4 b5 18. cxb5 axb5 19. Nc5 Bc4 20. bxc4 Rxd4
21. Ne6 Rd2 22. a3 Ba5 23. Ng3 g6 24. c5 Re8 25. Ng5 Bc3 26. Nf3 Bxa1 27. Nxd2
Bd4+ 28. Kh1 Nf2+ 29. Rxf2 Bxf2
0-1

[Event "Konnerud høstturnering"]
[Site "Malmveien 15"]
[Date "2020.09.30"]
[Round "7"]
[White "Selmer, Thorgrim J"]
[Black "Taksrud, Vidar"]
[Result "0-1"]
[WhiteElo "1586"]
[BlackElo "1904"]
[PlyCount "56"]
[EventDate "2020.??.??"]

1. d4 Nf6 2. Bf4 e6 3. Nf3 b6 4. e3 Bb7 5. Nbd2 d6 6. Bd3 Nbd7 7. c3 Be7 8. Qc2
Rc8 9. Ne4 O-O 10. Bg5 Nxe4 11. Bxe7 Qxe7 12. Bxe4 Bxe4 13. Qxe4 f5 14. Qc2 e5
15. dxe5 dxe5 16. O-O-O e4 17. Nd4 c5 18. Nb5 Ne5 19. Nd6 Rcd8 20. Qb3+ Kh8 21.
Nc4 Nd3+ 22. Kc2 Nxf2 23. Rxd8 Qxd8 24. Re1 Qd3+ 25. Kc1 Rd8 26. a4 Qd5 27. Kb1
Ng4 28. Re2 Qd3+
0-1

[Event "Konnerud høstturnering"]
[Site "Malmveien 15"]
[Date "2020.10.07"]
[Round "8"]
[White "Aure, Anders Nilsson"]
[Black "Carlsen, Christian Heen"]
[Result "0-1"]
[WhiteElo "1740"]
[BlackElo "2079"]
[PlyCount "56"]
[EventDate "2020.??.??"]

1. c4 e6 2. Nc3 d5 3. d4 Be7 4. cxd5 exd5 5. Nf3 c6 6. Qc2 Nf6 7. Bg5 O-O 8. e3
Nbd7 9. Bd3 Re8 10. O-O Nf8 11. Rab1 Bg4 12. Ne5 Be6 13. b4 Rc8 14. a4 h6 15.
Bh4 N6d7 16. Bxe7 Qxe7 17. Nxd7 Nxd7 18. Rfc1 Nf6 19. Qb2 Qd6 20. b5 Ng4 21. g3
c5 22. dxc5 Rxc5 23. Bf1 Qe5 24. h3 Nxe3 25. fxe3 Qxg3+ 26. Bg2 Qxe3+ 27. Kh2
Qe5+ 28. Kh1 Rec8
0-1

[Event "Konnerud høstturnering"]
[Site "Malmveien 15"]
[Date "2020.09.02"]
[Round "9"]
[White "Lurdalen, Svein Erik"]
[Black "Marthinussen, Emma Viktoria L"]
[Result "1-0"]
[WhiteElo "1909"]
[BlackElo "1436"]
[PlyCount "57"]
[EventDate "2020.??.??"]

1. e4 e5 2. f4 exf4 3. Bc4 Nc6 4. Nf3 Nf6 5. Nc3 d6 6. d4 Be7 7. O-O O-O 8.
Bxf4 Bg4 9. Bb5 Re8 10. d5 a6 11. Be2 Bxf3 12. Rxf3 Ne5 13. Bxe5 dxe5 14. Qf1
Bc5+ 15. Kh1 Qd7 16. Rf5 Rab8 17. Rd1 b5 18. Rxf6 gxf6 19. d6 cxd6 20. Rd3 f5
21. Nd5 Qd8 22. Qxf5 Re6 23. Rh3 h6 24. Rg3+ Rg6 25. Rxg6+ fxg6 26. Qxg6+ Kf8
27. Qxh6+ Ke8 28. Bg4 Rb7 29. Qh8+
1-0

[Event "Konnerud høstturnering"]
[Site "Malmveien 15"]
[Date "2020.10.14"]
[Round "9"]
[White "Stenseng, Benjamin"]
[Black "Aure, Anders Nilsson"]
[Result "0-1"]
[WhiteElo "1514"]
[BlackElo "1740"]
[PlyCount "54"]
[EventDate "2020.??.??"]

1. c4 e5 2. g3 Nf6 3. Nc3 d5 4. cxd5 Nxd5 5. Bg2 Nb6 6. d3 Nc6 7. Nf3 Be7 8.
Bd2 Be6 9. a3 a5 10. Rc1 O-O 11. h4 a4 12. Be3 f5 13. Ng5 Bb3 14. Qd2 h6 15.
Nf3 Nd5 16. Nxd5 Bxd5 17. Bc5 e4 18. Bxe7 Nxe7 19. dxe4 fxe4 20. Ne5 e3 21.
Bxd5+ Nxd5 22. fxe3 Qd6 23. Qd4 Rae8 24. e4 Rxe5 25. exd5 Rxd5 26. Qc3 Qb6 27.
Qc4 Qf2#
0-1

[Event "Konnerud høstturnering"]
[Site "Malmveien 15"]
[Date "2020.10.14"]
[Round "9"]
[White "Carlsen, Christian Heen"]
[Black "Slettum, Karl Anker"]
[Result "1-0"]
[WhiteElo "2079"]
[BlackElo "1839"]
[PlyCount "59"]
[EventDate "2020.??.??"]

1. e4 e5 2. Nf3 Nc6 3. Bb5 Bc5 4. O-O Nge7 5. Nxe5 Nd4 6. Bc4 d5 7. exd5 Qd6 8.
c3 Qxe5 9. cxd4 Qxd4 10. d3 Nxd5 11. Nc3 Nf4 12. Nb5 Qf6 13. Nxc7+ Kd8 14. Bxf4
Qxf4 15. Nxa8 Bh3 16. Qh5 Bf5 17. g3 g6 18. gxf4 gxh5 19. Bd5 Rg8+ 20. Kh1 Rg4
21. Be4 Be6 22. f5 Bd7 23. Rg1 Rh4 24. Rg8+ Ke7 25. Nc7 Bxf2 26. Nd5+ Kd6 27.
Kg2 Bd4 28. Kg3 Rg4+ 29. Rxg4 hxg4 30. Kxg4
1-0

[Event "Konnerud høstturnering"]
[Site "Malmveien 15"]
[Date "2020.09.23"]
[Round "10"]
[White "Aure, Anders Nilsson"]
[Black "Lurdalen, Svein Erik"]
[Result "1-0"]
[WhiteElo "1740"]
[BlackElo "1909"]
[PlyCount "49"]
[EventDate "2020.??.??"]

1. c4 e5 2. Nc3 f5 3. g3 Nf6 4. Bg2 Be7 5. e3 O-O 6. Nge2 d6 7. O-O c6 8. d4 e4
9. f3 exf3 10. Bxf3 Qe8 11. e4 fxe4 12. Nxe4 Nxe4 13. Bxe4 Bf6 14. Qd3 g6 15.
Bh6 Bg7 16. Rxf8+ Bxf8 17. Bxf8 Kxf8 18. Rf1+ Kg7 19. d5 Qe7 20. Nf4 Qe8 21.
Qf3 Na6 22. Nh5+ gxh5 23. Qf6+ Kg8 24. Qh6 Qe7 25. Rf8+
1-0